Ekonomičeskoje sotrudničestvo stran - členov SEV

Guardado en:
Detalles Bibliográficos
Formato: Seriadas
Lenguaje:ruso
Publicado: Moskva Sovet Ekonomičeskoj Vzaimopomošči 1990
Materias:
Etiquetas: Agregar Etiqueta
Sin Etiquetas, Sea el primero en etiquetar este registro!

MARC

LEADER 00000nas2a2200000 4500
001 s006830
005 20260325065241.3
041 0 |a rus 
044 |a US 
245 1 0 |a Ekonomičeskoje sotrudničestvo stran - členov SEV 
264 1 |a Moskva  |b Sovet Ekonomičeskoj Vzaimopomošči  |c 1990 
773 0 |w eu_un_cat*s121048 
610 2 0 |a RVHP